000 00663nam a2200205Ii 4500
003 JO-AjNU
008 230605s9999||||xx |||||||||||||| ||und||
017 _a1989/4/274
040 _aJO-AjNU
_bara
_erda
_cJO-AjNU
041 _aara
050 1 4 _aHB172.M362.1994
100 3 _aمحمد محمود النصر، عبدالله محمد شامية,
_eauthor
_97155
245 0 0 _aمبادىء الاقتصاد الجزئي=PRINCIPLES OF MICROECONOMICS
264 3 1 _aعمان:د.ن،1994
300 _a392ص
336 _atext
_btxt
_2rdacontent
337 _aunmediated
_bn
_2rdamedia
338 _avolume
_bnc
_2rdacarrier
650 4 _aالاقتصاد-علم
_97156
999 _aA135
_c3703
_d3703